| 000 | 01538pam a2200325 i 4500 | ||
|---|---|---|---|
| 999 |
_c1082 _d1082 |
||
| 001 | 020686755 | ||
| 003 | UkOxU | ||
| 005 | 20210528120118.0 | ||
| 008 | 160114s2016 enk 000|1|eng|d | ||
| 015 |
_aGBB647525 _2bnb |
||
| 016 | 7 |
_a017796095 _2Uk |
|
| 020 | _a9781785652745 (pbk.) : | ||
| 035 | _a(Uk)017796095 | ||
| 040 |
_aStDuBDS _beng _erda _cStDuBDS _dUk |
||
| 042 | _aukblcatcopy | ||
| 082 | _aFIC SCH | ||
| 100 | 1 |
_aSchwab, Victoria, _eauthor. |
|
| 245 | 1 | 0 |
_aThis savage song : _ba monsters of verity novel / _cV.E. Schwab. |
| 250 | _aFirst Titan Edition. | ||
| 264 | 1 |
_aLondon : _bTitan Books, _c2016. |
|
| 300 |
_a411 pages ; _c20 cm |
||
| 336 |
_atext _2rdacontent |
||
| 337 |
_aunmediated _2rdamedia |
||
| 338 |
_avolume _2rdacarrier |
||
| 440 |
_aMonsters of verity novel ; _nBook 1. |
||
| 500 |
_aFormerly CIP. _5Uk |
||
| 520 | _aKate Harker and August Flynn are the heirs to a divided city, a grisly metropolis where the violence has begun to create real and deadly monsters. All Kate wants is to be as ruthless as her father, who lets monsters roam free and makes the inhabitants pay for his protection. August just wants to be human, as good-hearted as his own father - but his curse is to be what the humans fear. the thin truce that keeps the Harker and Flynn families at peace is crumbling, and an assassination attempt forces Kate and August into a tenuous alliance. But how long will they survive in a city where no one is safe and monsters are real. | ||
| 655 | 0 | _aFantasy fiction. | |
| 942 |
_2ddc _cFIC |
||